Mechanizmus uplatňovania kolektívnych nárokov v podmienkach Slovenskej republiky

Gespeichert in:
Bibliographische Detailangaben
1. Verfasser: Ficová, Svetlana (VerfasserIn)
Format: Buch
Sprache:Slowakisch
Veröffentlicht: Praha : Leges, 2018
Ausgabe:1. vyd.
Schlagworte:
ISBN:9788075023285
Online-Zugang: Volltext
Tags: Tag hinzufügen
Keine Tags, Fügen Sie den ersten Tag hinzu!

MARC

LEADER 00000nam a2200000 4500
003 SK-BrCVT
005 20220621183611.0
006 a####e######000#0#
008 190322s2018####xo ####e######000#0#slo#d
020 |a 9788075023285   |q (brož.)  |c 20,00 
035 |a CVTIDW0070024 
040 |a UKB  |b slo  |c CVT  |e rda  |d CVTI SR 
041 0 |a slo 
044 |a xo  |c SK 
080 |a 347(437.6)  |2 2008 
100 1 |a Ficová, Svetlana  |4 aut 
245 1 0 |a Mechanizmus uplatňovania kolektívnych nárokov v podmienkach Slovenskej republiky 
250 |a 1. vyd. 
260 |a Praha :  |b Leges,  |c 2018 
300 |a 190 s.  |c 20 cm 
336 |a text  |b txt  |2 rdacontent 
337 |a bez média  |b n  |2 rdamedia 
338 |a zväzok  |b nc  |2 rdacarrier 
651 7 |a Slovenská republika  |2 CVTISR 
653 1 |a občianske právo 
655 7 |a odborné publikácie  |2 SNKPH 
852 |a CVTISR  |b 1 
901 |a 3 Univerzitná knižnica Bratislava - Knihy  |b 20190322095538  |d clas05  |u z3950.snk.sk:1111  |i vtls000633632  |m 20190318114800.0 
910 |b A627773 
919 |a 978-80-7502-328-5 
959 |a 02 
974 |a gabriela.miklankova  |f Knihy 
992 |a AMG 
999 |c 265724  |d 265724